[Event "AUTO-ADV-4905"]
[Site "http://www.queenalice.com/game.php?id=1865993"]
[Date "2025.11.22"]
[Round "1"]
[White "Pin"]
[Black "Castling"]
[Result "1-0"]
[WhiteElo "1994"]
[BlackElo "1698"]

1. e4 e5 2. Nf3 d6 3. d4 Bg4 4. Bc4 Bxf3 5. Qxf3 Qf6 6. Qb3 Qg6 7. Bxf7+ Qxf7 8.
Qxb7 Qc4 9. Qxa8 Qxc2 10. Qxb8+ Kf7 11. Qb3+ Qxb3 12. axb3 exd4 13. Rxa7 Nf6 14.
Rxc7+ Be7 15. O-O Nxe4 16. Nd2 Nxd2 17. Bxd2 Ra8 18. Bg5 Re8 19. Bxe7 Rxe7 20.
Rxe7+ Kxe7 21. Rd1 1-0

[Event "AUTO-OPEN-4627"]
[Site "http://www.queenalice.com/game.php?id=1866271"]
[Date "2025.11.28"]
[Round "1"]
[White "cerenzo72"]
[Black "Pin"]
[Result "1-0"]
[WhiteElo "2189"]
[BlackElo "2049"]

1. c4 Nf6 2. Nf3 g6 3. Nc3 Bg7 4. e3 O-O 5. d4 d5 6. Be2 c5 7. O-O cxd4 8. exd4
dxc4 9. Bxc4 Nc6 10. d5 Na5 11. Be2 b6 12. Rb1 a6 13. b4 Nb7 14. Ne5 Bd7 15.
Nxd7 Nxd7 16. Ne4 Nf6 17. Nxf6+ Bxf6 18. Bf3 Nd6 19. a4 b5 20. axb5 axb5 21. Qd3
Nc4 22. Be2 Qd6 23. Qe4 Rfc8 24. f4 Ra4 25. f5 Rxb4 26. Rxb4 Qxb4 27. fxg6 hxg6
28. h4 Qc5+ 29. Kh1 Rd8 30. Bf3 Nd6 31. Qg4 Nf5 32. h5 Kg7 33. hxg6 fxg6 34. Be4
e6 35. dxe6 Ne7 36. Qf4 Nf5 37. Bxf5 gxf5 38. Qh6+ 1-0

[Event "AUTO-OPEN-4627"]
[Site "http://www.queenalice.com/game.php?id=1866291"]
[Date "2025.11.28"]
[Round "1"]
[White "josebaron"]
[Black "Pin"]
[Result "1/2-1/2"]
[WhiteElo "2178"]
[BlackElo "2039"]

1. e4 c5 2. Nf3 d6 3. Bb5+ Bd7 4. Bxd7+ Nxd7 5. O-O Ngf6 6. Re1 g6 7. c4 Bg7 8.
Nc3 O-O 9. d4 cxd4 10. Nxd4 a6 11. a4 Qb6 12. Nf5 Rfe8 13. Nxg7 Kxg7 14. Nd5
Nxd5 15. cxd5 Ne5 16. b3 Rac8 17. Bb2 Kg8 18. Bxe5 dxe5 19. a5 Qf6 20. Rc1 Qd6
1/2-1/2

[Event "AUTO-OPEN-4627"]
[Site "http://www.queenalice.com/game.php?id=1866292"]
[Date "2025.11.28"]
[Round "1"]
[White "Pin"]
[Black "josebaron"]
[Result "1/2-1/2"]
[WhiteElo "2045"]
[BlackElo "2174"]

1. d4 d5 2. Nf3 Nf6 3. e3 e6 4. c4 Bb4+ 5. Nc3 Bxc3+ 6. bxc3 Ne4 7. Qb3 O-O 8.
cxd5 exd5 9. Nd2 c6 10. Nxe4 dxe4 11. Ba3 Re8 12. Bc4 Be6 13. Bxe6 Rxe6 14. Rd1
Qb6 15. Qa4 Nd7 16. O-O a5 17. Rb1 Qc7 18. c4 Nb6 19. Qc2 Rae8 20. Rfd1 1/2-1/2

[Event "AUTO-OPEN-4627"]
[Site "http://www.queenalice.com/game.php?id=1866303"]
[Date "2025.11.28"]
[Round "1"]
[White "Pin"]
[Black "SGF"]
[Result "1-0"]
[WhiteElo "2019"]
[BlackElo "1771"]

1. d4 e6 2. c4 Qf6 3. Nf3 Bb4+ 4. Nc3 a6 5. e4 d6 6. Bd3 h6 7. O-O Bxc3 8. bxc3
g5 9. e5 dxe5 10. dxe5 Qe7 11. a4 g4 12. Nd2 Nc6 13. Re1 h5 14. Ne4 Nxe5 15. Bf1
Nf6 16. Ba3 Qd8 17. Qxd8+ Kxd8 18. Nxf6 Nc6 19. Rad1+ Bd7 20. Rxd7+ Kc8 21. Red1
Rh6 22. Ne8 Ne5 23. Rd8# 1-0

[Event "AUTO-MASTER-3290"]
[Site "http://www.queenalice.com/game.php?id=1866509"]
[Date "2025.12.4"]
[Round "1"]
[White "Pin"]
[Black "JailtonMaster"]
[Result "0-1"]
[WhiteElo "2090"]
[BlackElo "2249"]

1. d4 d5 2. Nf3 Nf6 3. e3 e6 4. c4 c6 5. Nc3 Nbd7 6. Bd3 dxc4 7. Bxc4 b5 8. Bd3
Bb7 9. O-O a6 10. Bd2 c5 11. Ne5 Nxe5 12. dxe5 Nd5 13. Qc2 Nb4 0-1

[Event "AUTO-MASTER-3290"]
[Site "http://www.queenalice.com/game.php?id=1866524"]
[Date "2025.12.4"]
[Round "1"]
[White "IranSilva"]
[Black "Pin"]
[Result "1-0"]
[WhiteElo "2267"]
[BlackElo "2021"]

1. Nf3 Nf6 2. g3 g6 3. Bg2 d5 4. d4 Bg7 5. b3 O-O 6. Bb2 c6 7. O-O Qc7 8. Nbd2
Bg4 9. h3 Bf5 10. Re1 Qc8 11. Kh2 Ne4 12. Nxe4 dxe4 13. Nh4 Rd8 14. Nxf5 Qxf5
15. Kg1 e5 16. e3 exd4 17. exd4 Re8 18. c3 Nd7 19. Qg4 Qxg4 20. hxg4 Nf6 21. g5
Nd5 22. Bxe4 Rad8 23. Bxd5 cxd5 24. Ba3 Bf8 25. Bxf8 Kxf8 26. f4 Re4 27. Rxe4
dxe4 28. Kf2 Kg7 29. Ke3 Re8 30. c4 f5 31. gxf6+ Kxf6 32. g4 h5 33. gxh5 gxh5
34. Rg1 Re7 35. Rg5 Rh7 36. Kxe4 h4 37. Rg2 h3 38. Rh2 Rh5 39. Kf3 Kf5 40. Kg3
Rh6 41. Rxh3 Rg6+ 42. Kf3 Ra6 43. Rh5+ 1-0

[Event "AUTO-MASTER-3290"]
[Site "http://www.queenalice.com/game.php?id=1866525"]
[Date "2025.12.4"]
[Round "1"]
[White "Pin"]
[Black "IranSilva"]
[Result "0-1"]
[WhiteElo "2028"]
[BlackElo "2262"]

1. d4 d5 2. Nf3 Nf6 3. e3 Bf5 4. c4 e6 5. Nc3 Bb4 6. a3 Bxc3+ 7. bxc3 O-O 8. Be2
Ne4 9. Bb2 c6 10. O-O Nd7 11. cxd5 cxd5 12. Nd2 Ndf6 13. Nxe4 Nxe4 14. f3 Nd6
15. a4 Qb6 16. Ba3 Rfc8 17. Bc5 Qd8 18. Qe1 b6 19. Bb4 Nc4 20. Qg3 Nxe3 21. Rfc1
Nc2 22. Rab1 a5 23. Bd6 Rc6 24. Bf4 Rxc3 25. Rb2 Rac8 26. Bd2 Ra3 27. Bh6 Bg6
28. Bg5 f6 29. Bf4 Nxd4 30. Rxc8 Nxe2+ 31. Kf2 Qxc8 32. Rxe2 Rxa4 33. Be3 b5 34.
Qd6 h6 35. Bc5 Bf7 36. Re1 Rc4 37. Be3 Rc2+ 38. Kg1 Qc7 39. Qa3 Qc3 40. Qxc3
Rxc3 41. Bd2 Ra3 0-1

[Event "AUTO-OPEN-4628"]
[Site "http://www.queenalice.com/game.php?id=1866572"]
[Date "2025.12.4"]
[Round "1"]
[White "josebaron"]
[Black "Pin"]
[Result "1-0"]
[WhiteElo "2172"]
[BlackElo "2039"]

1. e4 c5 2. Nf3 d6 3. Bb5+ Nc6 4. O-O Nf6 5. Re1 Bd7 6. Nc3 g6 7. d3 Bg7 8. Nd5
O-O 9. Nxf6+ Bxf6 10. c3 Bg4 11. Bxc6 bxc6 12. h3 Be6 13. e5 Bg7 14. exd6 exd6
15. a4 Rb8 16. Ng5 Bd7 17. Ne4 Qc7 18. a5 a6 19. Bf4 Be5 20. Bxe5 dxe5 21. Nf6+
Kg7 22. Nxd7 Qxd7 23. Rxe5 Qd6 24. Qe2 Rfd8 25. Re3 Rb7 26. Re1 Rdb8 27. Rf3
Rxb2 28. Qe5+ Qxe5 29. Rxe5 Rb1+ 30. Kh2 R1b5 31. Re7 R8b7 32. Rfxf7+ 1-0

[Event "AUTO-OPEN-4628"]
[Site "http://www.queenalice.com/game.php?id=1866573"]
[Date "2025.12.4"]
[Round "1"]
[White "Pin"]
[Black "josebaron"]
[Result "1/2-1/2"]
[WhiteElo "2073"]
[BlackElo "2174"]

1. d4 d5 2. Nf3 Nf6 3. e3 Bg4 4. c4 dxc4 5. Bxc4 e6 6. O-O Be7 7. Nc3 O-O 8. Be2
c6 9. e4 Nbd7 10. Qc2 Bxf3 11. Bxf3 h6 12. e5 Nd5 13. Nxd5 cxd5 14. Be3 Bg5 15.
Rfe1 Bxe3 16. Rxe3 a5 17. Bh5 f5 18. exf6 Rxf6 19. Rae1 Qe7 20. Bg4 Nf8 1/2-1/2

[Event "AUTO-OPEN-4628"]
[Site "http://www.queenalice.com/game.php?id=1866591"]
[Date "2025.12.4"]
[Round "1"]
[White "Pin"]
[Black "IranSilva"]
[Result "1/2-1/2"]
[WhiteElo "2064"]
[BlackElo "2292"]

1. d4 d5 2. Nf3 Nf6 3. e3 Bf5 4. c3 e6 5. Be2 Be7 6. O-O O-O 7. Nbd2 Nbd7 8. Ne5
Nxe5 9. dxe5 Nd7 10. f4 f6 11. exf6 Nxf6 12. Nf3 Bc5 13. Nd4 Bxd4 14. exd4 Ne4
15. Bd3 Qd6 16. Bxe4 Bxe4 17. g3 c5 18. Be3 c4 19. a4 a5 20. Qd2 Rfb8 21. f5 Rf8
22. Bf4 Qd7 23. fxe6 Qxe6 24. Rae1 Qh3 25. Bd6 Rxf1+ 26. Rxf1 Bd3 27. Rf2 Re8
28. Be5 Rf8 29. Rxf8+ Kxf8 30. Qf4+ Qf5 31. Qxf5+ 1/2-1/2

[Event "AUTO-ADV-4907"]
[Site "http://www.queenalice.com/game.php?id=1866647"]
[Date "2025.12.6"]
[Round "1"]
[White "Pin"]
[Black "Capixabba789"]
[Result "1-0"]
[WhiteElo "2077"]
[BlackElo "1846"]

1. d4 d5 2. Nf3 Nf6 3. e3 e6 4. c4 Be7 5. Nc3 dxc4 6. Bxc4 c6 7. O-O Nbd7 8. Qc2
O-O 9. e4 Nb6 10. Bd3 g6 11. e5 Nfd5 12. Ne4 Nd7 13. Bh6 Re8 14. Nd6 Bxd6 15.
exd6 N7f6 16. Qc5 Bd7 17. Ne5 b6 18. Qc1 Bc8 19. Qxc6 Rb8 20. Bg5 Bb7 21. Bxf6
Nxf6 22. Qc7 Rf8 23. Rac1 Nd5 24. Qd7 Qf6 25. Qa4 a5 26. Nd7 Qg5 27. Be4 Nf4 28.
Bxb7 Rxb7 29. g3 Rd8 30. Rc7 Rxd7 31. Rxd7 Ne2+ 32. Kg2 Qd5+ 33. f3 Nxd4 34.
Rxb7 Qxb7 35. Qe8+ Kg7 36. d7 Nc6 37. Rc1 1-0

[Event "AUTO-ADV-4907"]
[Site "http://www.queenalice.com/game.php?id=1866648"]
[Date "2025.12.6"]
[Round "1"]
[White "Capixabba789"]
[Black "Pin"]
[Result "1/2-1/2"]
[WhiteElo "1854"]
[BlackElo "2047"]

1. d4 Nf6 2. Nc3 d5 3. f4 Bf5 4. Nf3 h6 5. e3 e6 6. Bd3 Bxd3 7. cxd3 Be7 8. O-O
O-O 9. Ne5 Nbd7 10. Ne2 c5 11. Ng3 Nxe5 12. fxe5 Nh7 13. Qg4 cxd4 14. exd4 Rc8
15. Nh5 Bg5 16. Nxg7 Kxg7 17. h4 Kh8 18. hxg5 Nxg5 19. Bxg5 Qxg5 20. Qxg5 hxg5
1/2-1/2

[Event "AUTO-ADV-4909"]
[Site "http://www.queenalice.com/game.php?id=1867292"]
[Date "2025.12.19"]
[Round "1"]
[White "Pin"]
[Black "Capixaba789"]
[Result "1-0"]
[WhiteElo "2084"]
[BlackElo "1849"]

1. e4 e5 2. Nf3 d6 3. d4 exd4 4. Qxd4 Nc6 5. Bb5 Bd7 6. Bxc6 Bxc6 7. Nc3 Nf6 8.
Bg5 Be7 9. O-O-O O-O 10. Rhe1 a6 11. Kb1 b5 12. h4 a5 13. e5 dxe5 14. Qxe5 Bd6
15. Qf5 b4 16. Nd5 Bxd5 17. Rxd5 Qb8 18. Bxf6 gxf6 19. Qxf6 h6 20. Qxh6 f6 21.
Qg6+ 1-0